000 00894nam a2200301 i 4500
001 000007530
003 DO-SdBNP
005 20231201125338.0
007 ta
008 090909s2001 dr ab 001 0 spa d
020 _a9993483079
040 _aDO-SdBNP
_bspa
_cBNPHU
_erda
049 _aBNPD
082 4 _a461
_bG643o
_222
100 1 _aGonzález Tapia, Carlisle,
_917929
_eautor
245 1 0 _aOtro texto sobre lengua española básica /
_cCarlisle González Tapia.
250 _a2a ed.
264 _aSanto Domingo :
_bUniversitaria,
_c2001.
300 _a177 páginas :
_bilustraciones, mapas ;
_c21 cm.
336 _2rdacontent
_atexto
_btxt
337 _2rdamedia
_asin mediación
_bn
338 _2rdacarrier
_avolumen
_bnc
504 _aBibliografía [173-177]
590 _aInventariado, 2023/BT
650 4 _aEspañol
_xEnseñanza
_9406
910 _aBtavárez
942 _2ddc
_cLBS1
999 _c7311
_d7311